Biggest non-capital cities - Statistics

General Stats
  • This quiz has been taken 33 times
    12 since last reset
  • The average score is 13 of 15
Answer Stats
Country City % Correct
Vietnam Ho Chi Minh City
100%
Turkey Istanbul
100%
Australia Melbourne
100%
Canada Toronto
100%
Morocco Casablanca
88%
UAE Dubai
88%
South Africa Johannesburg
88%
Nigeria Lagos
88%
USA NYC
88%
Brazil Sao Paulo
88%
China Shenzhen/Guangzhou
88%
Switzerland Zürich
88%
Pakistan Karachi
75%
Myanmar Yangon
75%
Ivory Coast Abidjan
63%
No matching quizzes found
Score Distribution
Percent of People with Each Score
Percentile by Number Answered
Your Score History
You have not taken this quiz since the last reset